| 000 | 00376nam a2200133Ia 4500 | ||
|---|---|---|---|
| 999 |
_c3042 _d3042 |
||
| 008 | 200103s 1959 ||||xx |||||||||||||| ||und|| | ||
| 082 |
_a621.031 _bSIS |
||
| 100 | _aSiskind, Charles S. | ||
| 245 | 0 | _aElectrical Machines : Direct and alernating current | |
| 250 | _a2nd Ed. | ||
| 260 |
_bMcGraw-Hill Book Company _c1959 _aNew York |
||
| 300 | _aix, 563p. | ||
| 942 | _cBK | ||